[Event "Djerba Blitz op"]
[Site "Djerba"]
[Date "2025.02.19"]
[Round "7"]
[White "Maghsoodloo, Parham"]
[Black "Zouaghi, Ahmed"]
[Result "1-0"]
[WhiteElo "2680"]
[BlackElo "1919"]
[PlyCount "67"]
[EventDate "2025.02.19"]
[EventType "swiss (blitz)"]
[EventRounds "9"]
[EventCountry "TUN"]
[SourceTitle "CB09_2025"]
[SourceDate "2025.02.27"]
[SourceVersion "1"]
[SourceVersionDate "2025.02.27"]
[SourceQuality "1"]

1. e4 c5 2. Nf3 g6 3. c3 Bg7 4. d4 cxd4 5. cxd4 d5 6. exd5 Nf6 7. Bb5+ Nbd7 8. Nc3 0-0 9. Bg5 Nb6 10. 0-0 Nbxd5 11. Re1 a6 12. Bc4 Nb6 13. Bb3 Bg4 14. h3 Bxf3 15. Qxf3 Qd7 16. a4 Rac8 17. a5 Nc4 18. Qe2 Nxb2 19. Qxb2 Qxd4 20. Na4 Qxb2 21. Nxb2 e6 22. Rab1 Rc5 23. Bd2 Nd7 24. Nd3 Rcc8 25. Ba4 Nf6 26. Ne5 Nd5 27. Rxb7 h5 28. Nc6 Kh7 29. Ra7 Nc3 30. Bxc3 Bxc3 31. Re3 Rxc6 32. Bxc6 Bd4 33. Rxa6 Bxe3 34. fxe3 1-0

[Event "Djerba Blitz op"]
[Site "Djerba"]
[Date "2025.02.19"]
[Round "5"]
[White "Zouaghi, Ahmed"]
[Black "Papaux, Steve"]
[Result "1/2-1/2"]
[WhiteElo "1919"]
[BlackElo "2204"]
[PlyCount "102"]
[EventDate "2025.02.19"]
[EventType "swiss (blitz)"]
[EventRounds "9"]
[EventCountry "TUN"]
[SourceTitle "CB09_2025"]
[SourceDate "2025.02.27"]
[SourceVersion "1"]
[SourceVersionDate "2025.02.27"]
[SourceQuality "1"]

1. e4 e5 2. Nf3 Nc6 3. d4 exd4 4. Nxd4 Bc5 5. Nb3 Bb6 6. Nc3 Nf6 7. Qe2 0-0 8. Bg5 h6 9. Bh4 d5 10. 0-0-0 d4 11. Nd5 g5 12. Nxf6+ Qxf6 13. Bg3 a5 14. a4 Be6 15. h4 g4 16. f3 Nb4 17. Qb5 Bxb3 18. cxb3 gxf3 19. gxf3 Qxf3 20. Be2 Qxb3 21. Qc4 Qxc4+ 22. Bxc4 Kh7 23. Rhf1 f6 24. Be6 Nc6 25. Bf5+ Kh8 26. Bf4 Ne5 27. Bxh6 Rg8 28. Rg1 d3 29. Rxg8+ Rxg8 30. Bf4 Rd8 31. Kd2 Nc4+ 32. Kc3 Ne5 33. Bxe5 fxe5 34. Rxd3 Bd4+ 35. Kc2 Rd6 36. h5 Rb6 37. b3 Rc6+ 38. Kd2 Kg7 39. Rg3+ Kh6 40. Rg6+ Kxh5 41. Rxc6 bxc6 42. Bd7 c5 43. Kd3 Kh4 44. Bc6 Kg3 45. Bd5 Kf3 46. Kc4 Ke3 47. Kb5 Bc3 48. Kc6 Kd4 49. Kxc7 Bb4 50. Kc6 Bc3 51. Kb5 Bb4 1/2-1/2

[Event "Djerba Blitz op"]
[Site "Djerba"]
[Date "2025.02.19"]
[Round "3"]
[White "Zouaghi, Ahmed"]
[Black "Soudani, Hassan"]
[Result "0-1"]
[WhiteElo "1919"]
[BlackElo "1598"]
[PlyCount "44"]
[EventDate "2025.02.19"]
[EventType "swiss (blitz)"]
[EventRounds "9"]
[EventCountry "TUN"]
[SourceTitle "CB09_2025"]
[SourceDate "2025.02.27"]
[SourceVersion "1"]
[SourceVersionDate "2025.02.27"]
[SourceQuality "1"]

1. e4 e5 2. d3 Nc6 3. f3 Bc5 4. Ne2 Nf6 5. Ng3 d5 6. Be2 0-0 7. c3 h6 8. d4 exd4 9. cxd4 Nxd4 10. Nf5 Nxf5 11. exf5 Bxf5 12. Nc3 Re8 13. a3 a6 14. b4 Ba7 15. Bf4 d4 16. Ne4 Nxe4 17. fxe4 Rxe4 18. Qb3 d3 19. Rd1 Rxe2+ 20. Kf1 Rf2+ 21. Ke1 Qe7+ 22. Be3 Qxe3# 0-1

[Event "TUN-ch"]
[Site "Hammamet"]
[Date "2022.05.09"]
[Round "3"]
[White "Ben Brahem, Aymen"]
[Black "Zouaghi, Ahmed"]
[Result "0-1"]
[WhiteElo "2178"]
[BlackElo "1470"]
[PlyCount "80"]
[EventDate "2022.05.07"]
[EventType "tourn"]
[EventRounds "11"]
[EventCountry "TUN"]
[SourceTitle "CBM 208 Extra"]
[Source "ChessBase"]
[SourceDate "2022.07.31"]
[SourceVersion "1"]
[SourceVersionDate "2022.07.31"]
[SourceQuality "1"]

1. d4 Nf6 2. Bf4 d5 3. e3 c5 4. c3 Nc6 5. Nd2 Bf5 6. Ngf3 e6 7. Qb3 Qd7 8. Bb5 c4 9. Qa4 Bd6 10. Bxd6 Qxd6 11. Ne5 Rc8 12. Bxc6+ bxc6 13. Qxa7 0-0 14. Qa6 Ne4 15. Nxe4 Bxe4 16. f3 Bf5 17. e4 dxe4 18. 0-0 exf3 19. Rxf3 Ra8 20. Qxc4 f6 21. Rxf5 fxe5 22. Rxe5 Rf6 23. Rae1 Raf8 24. a4 Kf7 25. a5 Rb8 26. Qa2 c5 27. Rxc5 Qf4 28. Rce5 Qg4 29. b4 Rf8 30. h3 Qg3 31. Rxe6 Kg6 32. Qc2+ Kh6 33. Qd2+ g5 34. a6 Kg7 35. Rxf6 Rxf6 36. b5 g4 37. Qe3 Qh4 38. Qe7+ Kh6 39. Re6 Qf2+ 40. Kh2 g3+ 0-1